LEADER 00923nam0 2200289 450 001 000023000 005 20090216100225.0 100 $a20090216d1980----km-y0itay50------ba 101 0 $aita 102 $aIT 105 $af-------001yy 200 1 $aFinanza e crisi internazionale$fRiccardo Parboni 210 $aMilano$cETAS libri$d1980 215 $a192 p., tab.$d21 cm 225 2 $aBiblioteca di economia$v3 410 0$12001$aBiblioteca di economia 500 10$aFinanza e crisi internazionale$960164 610 1 $aInflazione 610 1 $aFinanza internazionale 676 $a322$v18$9Relazioni dello stato coi gruppi sociali e i loro membri 801 0$aIT$bUNIPARTHENOPE$c20090216$gRICA$2UNIMARC 912 $a000023000 951 $a412/9$b5466$cNAVA2$d2009 951 $a321/82$b5649$cNAVA2$d2009 951 $a412/14$b566$cNAVA2$d2009 996 $aFinanza e crisi internazionale$960164 997 $aUNIPARTHENOPE LEADER 01091nam0 2200301 4500 001 000030180 005 20141112140015.0 010 $a978-88-7075-717-0 100 $a20141112d2012----km-y0itay50------ba 101 0 $aita 102 $aIT 105 $ay-------001yy 200 1 $aStoria dell'editoria italiana dall'Unità ad oggi$eun profilo introduttivo$fAlberto Cadioli, Giuliano Vigini 210 $aMilano$cBibliografica$d2012 215 $a160 p.$d20 cm 225 2 $a<>mestieri del libro 312 $aTitolo sul dorso 410 0$12001$a<>mestieri del libro 500 10$aStoria dell'editoria italiana dall'Unità ad oggi : un profilo introduttivo$940784 610 1 $aEditoria$aItalia$a1861-2010 676 $a070.50945$v21$9Editoria. Italia 700 1$aCadioli,$bAlberto$4070$0169339 701 1$aVigini,$bGiuliano$4070$08475 801 0$aIT$bUNIPARTHENOPE$c20141112$gRICA$2UNIMARC 912 $a000030180 951 $a070-S/1$b45299$cNAVA1$d2014 996 $aStoria dell'editoria italiana dall'Unità ad oggi : un profilo introduttivo$940784 997 $aUNIPARTHENOPE